000 00575nam a22001817a 4500
005 20251108174728.0
008 250721s2009 xx 000 0 ara d
082 1 4 _a956.034/حكم
100 1 _aجاد، أحمد
_eجامع
245 1 0 _aحكم ومواعظ ومآثر الإمام علي بن أبي طالب /
264 1 _aالمنصورة :
_bدار الغد،
_c2009.
300 _a160ص.
650 1 7 _aالصحابه و التابعين
650 1 7 _aالحكمه
650 1 7 _aالخلفاا الراشدون 661-632 ه
942 _2ddc
_cBK
999 _c116515
_d116515